সুনির্বাচিত কিশোর গল্প / (Record no. 4401)
[ view plain ]
| 000 -LEADER | |
|---|---|
| fixed length control field | 00707nam a2200229 a 4500 |
| 001 - CONTROL NUMBER | |
| JCCL Control Number | 4401 |
| 003 - CONTROL NUMBER IDENTIFIER | |
| JCCL marc code | BD-JhCC |
| 005 - DATE AND TIME OF LATEST TRANSACTION | |
| control field | 20171126211303.0 |
| 008 - FIXED-LENGTH DATA ELEMENTS--GENERAL INFORMATION | |
| fixed length control field | 171126s1993 ii |||| |||| 000 0 ben d |
| 020 ## - INTERNATIONAL STANDARD BOOK NUMBER | |
| International Standard Book Number | 8173320403 |
| 035 ## - SYSTEM CONTROL NUMBER | |
| system control number | (BD-JhCC)4401 |
| 040 ## - CATALOGING SOURCE | |
| Original cataloging agency | BD-JhCC |
| Modifying agency | BD-JhCC |
| 041 ## - LANGUAGE CODE | |
| Language code of Book | ben |
| 082 ## - DEWEY DECIMAL CLASSIFICATION NUMBER | |
| Classification number | 891.4435 |
| Author mark and Year | GON 1993 |
| 100 ## - MAIN ENTRY--PERSONAL NAME | |
| Personal name | গঙ্গোপাধ্যায়, সুনীল |
| 245 ## - TITLE STATEMENT | |
| Title | সুনির্বাচিত কিশোর গল্প / |
| Statement of responsibility, etc | সুনীল গঙ্গোপাধ্যায়. |
| 260 ## - PUBLICATION, DISTRIBUTION, ETC. (IMPRINT) | |
| Place of publication, distribution, etc | কলকাতা : |
| Name of publisher, distributor, etc | পুনশ্চ, |
| Date of publication, distribution, etc | 1993. |
| 300 ## - PHYSICAL DESCRIPTION | |
| Pagination | 312 p. : |
| Dimensions | 20 cm. |
| 650 ## - SUBJECT ADDED ENTRY--TOPICAL TERM | |
| Topical term or geographic name as entry element | Selected Stories |
| 942 ## - ADDED ENTRY ELEMENTS (KOHA) | |
| Source of classification or shelving scheme | Dewey Decimal Classification |
| Koha item type | Books |
| Source of classification or shelving scheme | Damaged status | Not for loan | Home library | Current library | Shelving location | Date of accession | Cost, normal purchase price | Total Checkouts | Full call number | Barcode | Date last seen | Copy number | Koha item type |
|---|---|---|---|---|---|---|---|---|---|---|---|---|---|
| Dewey Decimal Classification | JCC Rouf Library | JCC Rouf Library | General Stacks | 11/26/2017 | 40.00 | 891.4435 GON 1993 | 6086 | 11/26/2017 | C- 1 | Books |